Statistics for Tottenham Hotspur Players Since 2010

Click here to take the quiz!

General Stats

  • This quiz has been taken 40 times
    (23 since last reset)
  • The average score is 67 of 120

Answer Stats

PositionNationYearsAnswer% Correct
DFEngland2014-Eric Dier
93%
MFWales2007-2013, 2020-2021Gareth Bale
93%
FWEngland2009-Harry Kane
93%
FWSouth Korea2015-Heung-Min Son
93%
GKBrazil2008-2014Heurelho Gomes
93%
GKFrance2012-Hugo Lloris
93%
MFFrance2016-2021Moussa Sissoko
93%
DFBelgium2015-2021Toby Alderweireld
93%
MFDenmark2013-2020Christian Eriksen
87%
DFColombia2017-Davinson Sanchez
87%
MFArgentina2013-2021Erik Lamela
87%
DFBelgium2012-2020Jan Vertonghen
87%
DFEngland2009-2017Kyle Walker
87%
MFCroatia2008-2012Luka Modric
87%
DFCote d'Ivoire2017-2021Serge Aurier
87%
DFWales2014-Ben Davies
80%
MFEngland2015-Dele Alli
80%
FWTogo2011-2015Emmanuel Adebayor
80%
MFBrazil2018-Lucas Moura
80%
GKNetherlands2014-2020Michel Vorm
80%
MFBelgium2012-2019Mousa Dembele
80%
GKArgentina2017-2021Paulo Gazzaniga
80%
MFNetherlands2010-2012Rafael van der Vaart
80%
DFSpain2020-Sergio Reguilon
80%
FWBrazil2020-2021Carlos Vinicius
73%
DFArgentina2021-Cristian Romero
73%
DFEngland2007-2021Danny Rose
73%
DFBrazil2021-Emerson Royal
73%
MFArgentina2019-Giovani Lo Celso
73%
FWEngland2004-2008, 2009-2014Jermain Defoe
73%
MFBelgium2013-2016Nacer Chadli
73%
MFDenmark2020-Pierre-Emile Hojbjerg
73%
MFEngland2019-Ryan Sessegnon
73%
FWNetherlands2020-Steven Bergwijn
73%
MFKenya2016-2020Victor Wanyama
73%
FWUSA2012-13Clint Dempsey
67%
MFIceland2012-2014Gylfi Sigurdsson
67%
MFEngland2014-Harry Winks
67%
DFEngland2015-2019Kieran Trippier
67%
DFEngland1999-2012Ledley King
67%
DFIreland2020-Matt Doherty
67%
DFEngland2005-2014Michael Dawson
67%
MFBrazil2013-2015Paulinho
67%
FWSpain2013-2015Roberto Soldado
67%
MFFrance2019-Tanguy Ndombele
67%
DFRomania2013-2015Vlad Chiriches
67%
DFUSA2016-Cameron Carter-Vickers
60%
FWCameroon2015-2017Clinton N'Jie
60%
DFArgentina2014-2017Federico Fazio
60%
GKEngland2020-2021Joe Hart
60%
DFWales2020-Joe Rodon
60%
DFArgentina2017-2021Juan Foyth
60%
DFAustria2015-2017Kevin Wimmer
60%
MFAlgeria2013-2017Nabil Bentaleb
60%
MFEngland2018-Oliver Skipp
60%
MEngland2021Ryan Mason
60%
MFEngland2008-2016Ryan Mason
60%
FWNetherlands2016-2019Vincent Janssen
60%
DFFrance2007-2008, 2010-2015Younes Kaboul
60%
MFEngland2005-2015Aaron Lennon
53%
DFCameroon2006-2015Benoit Assou-Ekotto
53%
GKUSA2011-2015Brad Friedel
53%
FWSpain2021-Bryan Gil
53%
DFUSA2015-2016DeAndre Yedlin
53%
MFFrance2013-2015Etienne Capoue
53%
FWSpain2017-2019Fernando Llorente
53%
MFPortugal2020-2021Gedson Fernandes
53%
FWMexico2008-2012Giovani dos Santos
53%
MFGermany2013-2015Lewis Holtby
53%
GKSpain2016-2017Pau Lopez
53%
FWEngland1998-2000, 2009-2011Peter Crouch
53%
MFSouth Africa2011-2012Steven Pienaar
53%
GKItaly2009-2012Carlo Cudicini
47%
MFEngland2020-Harvey White
47%
DFEngland2019-Japhet Tanganga
47%
MFEngland2005-2013Jermaine Jenas
47%
MPortugal2019-2021Jose Mourinho
47%
DFEngland2015-2020Kyle Walker-Peters
47%
MArgentina2014-2019Mauricio Pochettino
47%
MFCroatia2009-2012Niko Kranjcar
47%
MPortugal2021-Nuno Espirito-Santo
47%
GKItaly2021-Pierluigi Gollini
47%
FWRussia2008-2012Roman Pavlyuchenko
47%
DFCameroon2009-2012Sebastien Bassong
47%
MFHonduras2009-2011Wilson Palacios
47%
DFScotland2008-2011Alan Hutton
40%
GKEngland2017-Alfie Whiteman
40%
MFEngland2009-2016Andros Townsend
40%
FWEngland2020-Dane Scarlett
40%
MFEngland2008-2014Jake Livermore
40%
DFEngland2009-2015Kyle Naughton
40%
MFBrazil2010-2014Sandro
40%
MFEngland2011-2013Scott Parker
40%
GKCroatia2010-2011Stipe Pletikosa
40%
MFEngland2010-2017Tom Carroll
40%
DFCroatia2008-2012Vedran Corluka
40%
DFFrance2010-2013William Gallas
40%
DFSouth Africa2011-2015Bongani Khumalo
33%
MFFrance2016-2019Georges-Kevin Nkoudou
33%
MEngland2008-2012Harry Redknapp
33%
MFSpain2011, 2012-2014Iago Falque
33%
DFEngland2008-2011Jonathan Woodgate
33%
DFNew Zealand2012Ryan Nelsen
33%
MEngland2013-2014Tim Sherwood
33%
MFEngland2005-2013Tom Huddlestone
33%
DFEngland2013-2014Zeki Fryers
33%
MPortugal2012-2013Andre Villas-Boas
27%
MFFrance2014-2015Benjamin Stambouli
27%
MFEngland2008-2013David Bentley
27%
FWFrance2012Louis Saha
27%
DFEngland2009-2013Steven Caulker
27%
MFEngland2021-Alfie Devine
20%
MFEngland2019-Jack Clarke
20%
MFEngland2015-2019Josh Onomah
13%
GKEngland2007-2012Ben Alnwick
7%
GKScotland2011-2015Jordan Archer
7%
MFEngland2016-2020Luke Amos
7%
GKEngland2014-2017Luke McGee
7%
MFEngland2021-Nile John
7%
DFEngland2021-Marcel Lavinier
0%

Score Distribution

Percentile by Number Answered

Percent of People with Each Score

Your Score History

You have not taken this quiz since the last reset